00970nam a2200253Ia 4500001001200000003000800012006001900020007001500039008004100054040002100095035002000116050002400136100002000160245006600180260008200246300001500328533015200343650001600495650001600511655002900527710001700556856012600573999001700699ebr10263888CaPaEBRm u cr cn|||||||||070627s2006 enk s 000 0 eng d aCaPaEBRcCaPaEBR a(OCoLC)7026108714aHD57.7b.T46 2006eb1 aThomas, Mark A.10aGurus on leadershiph[electronic resource] /cMark A. Thomas. aLondon :bThorogood ;aRollinsford, NH :bBooks Network International,c2006. avi, 164 p. aElectronic reproduction.bPalo Alto, Calif. :cebrary,d2009.nAvailable via World Wide Web.nAccess may be limited to ebrary affiliated libraries. 0aLeadership. 0aManagement. 7aElectronic books.2local2 aebrary, Inc.40uhttp://site.ebrary.com/lib/rucke/Doc?id=10263888zAn electronic book accessible through the World Wide Web; click to view c11611d11611